LEADER 02711nam 2200517Ia 450 001 9910954401803321 005 20260227182708.0 010 $a1-280-84587-2 010 $a0-19-975983-9 010 $a1-4294-3876-2 035 $a(CKB)1000000000469662 035 $a(EBL)3053681 035 $a(OCoLC)79631878 035 $a(MiAaPQ)EBC3053681 035 $a(FINmELB)ELB163715 035 $a(EXLCZ)991000000000469662 100 $a20030227d2004 uy 0 101 0 $aeng 135 $aur|n|---||||| 181 $ctxt$2rdacontent 182 $cc$2rdamedia 183 $acr$2rdacarrier 200 14$aThe Hippocratic Oath and the ethics of medicine /$fSteven H. Miles 205 $a1st ed. 210 $aOxford $cOxford University Press$d2004 215 $a1 online resource (227 p.) 300 $aDescription based upon print version of record. 311 08$a0-19-518820-9 320 $a"Bibliography": p. 193-203. 320 $aIncludes bibliographical references and index. 327 $a""Contents""; ""The Oath""; ""Map of Ancient Greece""; ""1. Grand Rounds""; ""I: PHYSICIAN, WHO ARE YOU?""; ""2. Creators""; ""3. Teachers""; ""4. Learners""; ""II: TO WHAT ARE PHYSICIANS COMMITTED?""; ""5. The Health of the Public""; ""6. Deadly Drugs""; ""7. Abortion""; ""8. Integrity""; ""9. Errors""; ""10. Consent and Truth-Telling""; ""11. Exploiting Patients""; ""12. Discretion in Speech""; ""III: IN WHAT WAY ARE PHYSICIANS ACCOUNTABLE?""; ""13. Trustworthy Profession""; ""Afterword: The Oath for Our Time""; ""Appendix A: Timeline"" 327 $a""Appendix B: The Oath as a Curricular Outline for Medical Ethics""""Bibliography""; ""Index""; ""A""; ""B""; ""C""; ""D""; ""E""; ""F""; ""G""; ""H""; ""I""; ""J""; ""K""; ""L""; ""M""; ""N""; ""O""; ""P""; ""R""; ""S""; ""T""; ""U""; ""V""; ""W""; ""X""; ""Z"" 330 $aThis short work examines what the Hippocratic Oath said to Greek physicians 2400 years ago and reflects on its relevance to medical ethics today. Drawing on the writings of ancient physicians, Greek playwrights, and modern scholars, each chapter explores one passage of the Oath and concludes with a modern case discussion. This book is for anyone who loves medicine and is concerned about the ethics and history of the profession. 606 $aMedical ethics 606 $aPhysicians$xProfessional ethics 615 0$aMedical ethics. 615 0$aPhysicians$xProfessional ethics. 676 $a174.22 700 $aMiles$b Steven H$0302705 801 0$bMiAaPQ 801 1$bMiAaPQ 801 2$bMiAaPQ 906 $aBOOK 912 $a9910954401803321 996 $aThe Hippocratic Oath and the ethics of medicine$94548522 997 $aUNINA LEADER 03034nam 2200697Ia 450 001 9910966632003321 005 20251116232137.0 010 $a1-281-94765-2 010 $a9786611947651 010 $a0-7486-2903-3 024 7 $a10.1515/9780748629039 035 $a(CKB)1000000000552726 035 $a(EBL)380393 035 $a(OCoLC)476208578 035 $a(SSID)ssj0000102000 035 $a(PQKBManifestationID)11131474 035 $a(PQKBTitleCode)TC0000102000 035 $a(PQKBWorkID)10043351 035 $a(PQKB)11270900 035 $a(MiAaPQ)EBC380393 035 $a(Au-PeEL)EBL380393 035 $a(CaPaEBR)ebr10257687 035 $a(CaONFJC)MIL194765 035 $a(OCoLC)437240909 035 $a(DE-B1597)616201 035 $a(DE-B1597)9780748629039 035 $a(OCoLC)1302163394 035 $a(PPN)144401746 035 $a(iGPub)EUPB0002725 035 $a(EXLCZ)991000000000552726 100 $a20081224d2008 uy 0 101 0 $aeng 135 $aurcn||||||||| 181 $ctxt 182 $cc 183 $acr 200 10$aAmerican culture in the 1960s /$fSharon Monteith 205 $a1st ed. 210 $aEdinburgh $cEdinburgh University Press$d2008 215 $a1 online resource (273 p.) 225 1 $aTwentieth-century American culture 300 $aDescription based upon print version of record. 311 08$a0-7486-1946-1 320 $aIncludes bibliographical references and index. 327 $aCOVER; Copyright; Contents; Figures; Case Studies; Acknowledgements; Chronology of 1960's American Culture; Introduction: The Intellectual Context; Chapter 1 Music and Performance; Chapter 2 Film and Television; Chapter 3 Fiction and Poetry; Chapter 4 Art and Photography; Chapter 5 New Social Movements and Creative Dissent; Conclusion: The Sixties and its Cultural Legacy; Notes; Bibliography; Index; 330 $aThis book charts the changing complexion of American culture in one of the most culturally vibrant of twentieth-century decades. It provides a vivid account of the major cultural forms of 1960's America - music and performance; film and television; fiction and poetry; art and photography - as well as influential texts, trends and figures of the decade: from Norman Mailer to Susan Sontag; from Muhammad Ali's anti-war protests to Tom Lehrer's stand-up comedy; from Bob Dylan to Rachel Carson; and from Pop Art to photojournalism. A chapter on new social movements demonstrates that a current 410 0$aTwentieth-century American culture. 606 $aPopular culture$zUnited States$xHistory$y20th century 606 $aNineteen sixties 607 $aUnited States$xCivilization$y1945- 615 0$aPopular culture$xHistory 615 0$aNineteen sixties. 676 $a306.097309046 700 $aMonteith$b Sharon$01896330 801 0$bMiAaPQ 801 1$bMiAaPQ 801 2$bMiAaPQ 906 $aBOOK 912 $a9910966632003321 996 $aAmerican culture in the 1960s$94550867 997 $aUNINA